LEADER 02638nam2 22004093i 450 001 CAGE006406 005 20170908093312.0 012 $ai-um u.ru n-em bope (3) 1652 (R)$2fei 100 $a20110426d1652 ||||0itac50 ba 101 | $alat 102 $ait 181 1$6z01$ai $bxxxe 182 1$6z01$an 200 1 $a˜3: Zachariæ Pasqualigi Veronensis ... œVariarum quæstionum moralium canonicarum centuria 3. In quibus ex principiis theologicis et sacris, atque ciuilibus legibus plura dubia, quæ ad praxim vtriusque fori pertinent tàm quo ad regulares, quàm quò ad sæculares breuitèr, & dilucidé explicantur. Cum suis indicibus 210 $aRomæ$ctypis Hæredum Francisci Corbelletti$d1652 215 $a[28], 150, [2] p 300 $aStemma del dedicatario, il cardinale Trivulzio Teodoro, sul frontespizio stampato in rosso e in nero 300 $aNumero romano nel tit 300 $aIniziali e fregi xil 300 $aCors. ; rom 300 $aSegn.: [a]⁴ b⁶ c⁴ A-M⁶ N⁴ 300 $aCarta N4 bianca. 316 $av. 3. - Legato con il v. 4$5IT-AV0003, F. ANTICO 1600/ 537 461 1$1001CAGE006401$12001 $a˜Zachariæ Pasqualigi Veronensis ... œVariarum quæstionum moralium canonicarum centuria 1[-4]. In quibus ex principiis theologicis et sacris, atque ciuilibus legibus plura dubia, quæ ad praxim vtriusque fori pertinent tàm quò ad regulares quàm quo ad sæculares breuiter, & dilucidè explicantur. Cum suis indicibus$v3 620 $aIT$dRoma$3LO1L002924 700 1$aPasqualigo$b, Zaccaria$f <1600-1664>$3BVEV058367$4070$0744253 712 02$aCorbelletti, Francesco$c <1.> eredi$3RMLV033486$4750 790 1$aPasqualigus$b, Zacharia$3CFIV316697$zPasqualigo, Zaccaria <1600-1664> 791 02$aCorbellettus, Franciscus$3CFIV316784$zCorbelletti, Francesco <1.> eredi 801 3$aIT$bIT-NA0079$c20110426 850 $aIT-AV0003 899 0$aBiblioteca Comunale "P. S. Mancini"$bAV0003$4v. 3: 1 esemplare$uhttp://biblioteca.comunediariano.it/images/library_images/1600537spazio3.JPG 912 $aCAGE006406 950 2$aBiblioteca Comunale "P. S. Mancini"$cV. 3-4$d ARF. ANTICO 1600/ 537$e ARANT0000007135S B 3 v. 3. - Legato con il v. 4$fN $h20110426$i20110426 977 $a AR 996 $aVariarum quæstionum moralium canonicarum centuria 3. In quibus ex principiis theologicis et sacris, atque ciuilibus legibus plura dubia, quæ ad praxim vtriusque fori pertinent tàm quo ad regulares, quàm quò ad sæculares breuitèr, & dilucidé explicantur. Cum suis indicibus$91485271 997 $aUNISANNIO LEADER 00820nam0-2200289 --450 001 9910357059503321 005 20191219153750.0 010 $a978-88-15-28521-8 100 $a20191219d2019----kmuy0itay5050 ba 101 0 $aita$cita 102 $aIT 105 $a y 105 $a 001yy 200 1 $aStoria sociale della bicicletta$fStefano Pivato 210 $aBologna$cIl mulino$d2019 215 $a251 p., [4] carte di tav.$cill.$d22 cm 225 1 $aBiblioteca storica 610 0 $aBiciclette$aStoria 676 $a388.3472$v20$zita 700 1$aPivato,$bStefano$0223781 801 0$aIT$bUNINA$gREICAT$2UNIMARC 901 $aBK 912 $a9910357059503321 952 $aIX A 1491$b2423/2019$fFSPBC 959 $aFSPBC 996 $aStoria sociale della bicicletta$91568920 997 $aUNINA